Určovanie prínosov z inovácií

Prínos z využitia alebo iného uplatnenia vynálezu, priemyselného vzoru a zlepšovacieho návrhu. Povinnosti podniku pri určovaní prínosov V, PVz a ZN. Niektoré zásady pri určovaní prínosov. Náklady na rozpracovanie, skúšanie a zavedenie V, PVz a ZN. Technický význam vynálezu, úžitkového vzoru. Hospodá...

Ausführliche Beschreibung

Gespeichert in:
Bibliographische Detailangaben
1. Verfasser: Vyparina, Stanislav
Format: Buchkapitel
Sprache:Slowakisch
Schlagworte:
Tags: Tag hinzufügen
Keine Tags, Fügen Sie das erste Tag hinzu!

MARC

LEADER 00000naa a2200000 4500
001 r040153
005 20230926083350.1
041 0 |a slo 
044 |a SK 
245 1 0 |a Určovanie prínosov z inovácií  |c Stanislav Vyparina 
520 |a Prínos z využitia alebo iného uplatnenia vynálezu, priemyselného vzoru a zlepšovacieho návrhu. Povinnosti podniku pri určovaní prínosov V, PVz a ZN. Niektoré zásady pri určovaní prínosov. Náklady na rozpracovanie, skúšanie a zavedenie V, PVz a ZN. Technický význam vynálezu, úžitkového vzoru. Hospodársky význam. Efektívnosť ochrany vynálezov a priemyselných vzorov. Určovanie prínosov pomocou kvalifikačných kritérií, bodovacích systémov, kvalifikovaného ocenenia koeficientov. 
610 2 0 |a inovácia 
610 2 0 |a vynálezy 
610 2 0 |a vzory priemyselné 
610 2 0 |a návrhy zlepšovacie 
610 2 0 |a efektívnosť inovácií 
610 2 0 |a náklady 
100 1 |a Vyparina, Stanislav